[Event "Penza op U18"]
[Site "Penza"]
[Date "2006.11.08"]
[Round "7"]
[White "Timofeev, Artiom"]
[Black "Kabulov, Kamil"]
[Result "1/2-1/2"]
[WhiteElo "2166"]
[BlackElo "1902"]
[PlyCount "105"]
[EventDate "2006.11.01"]
[EventType "swiss"]
[EventRounds "7"]
[EventCountry "RUS"]
[SourceTitle "EXT 2007"]
[Source "ChessBase"]
[SourceDate "2006.11.23"]
[SourceVersion "1"]
[SourceVersionDate "2006.11.23"]
[SourceQuality "1"]

1. Nf3 d5 2. g3 e6 3. Bg2 Be7 4. 0-0 Nf6 5. d4 0-0 6. c4 c6 7. Nc3 Nbd7 8. Qc2 b6 9. e4 dxc4 10. Rd1 Bb7 11. a4 a6 12. h3 Qc8 13. Bg5 Re8 14. Rd2 h6 15. Bf4 Rd8 16. Re1 Bb4 17. g4 Nf8 18. Ne5 b5 19. Qd1 g5 20. Bg3 Ng6 21. Nxg6 fxg6 22. Qc2 Kh7 23. Red1 Ne8 24. Re2 Qd7 25. h4 Bxc3 26. bxc3 e5 27. Bxe5 Qxg4 28. hxg5 Qxg5 29. Re3 Bc8 30. Rg3 Qh4 31. d5 cxd5 32. exd5 Bf5 33. Qb2 Nd6 34. Bxd6 Rxd6 35. axb5 Rb8 36. Qb4 Qd8 37. Qxc4 axb5 38. Qb4 h5 39. Re1 Rd7 40. Rge3 Qg5 41. d6 Kh6 42. Qd4 Rg8 43. Re7 Bh3 44. Qe3 Bf5 45. Qe5 h4 46. Kh2 Qd2 47. Rxd7 Bxd7 48. Qe3+ Qxe3 49. Rxe3 Rd8 50. Rd3 Kg5 51. Bh3 Kf6 52. Bxd7 Rxd7 53. Rd5 1/2-1/2

[Event "Penza op U18"]
[Site "Penza"]
[Date "2006.11.07"]
[Round "6"]
[White "Galkin, Roman"]
[Black "Timofeev, Artiom"]
[Result "0-1"]
[WhiteElo "1910"]
[BlackElo "2166"]
[PlyCount "114"]
[EventDate "2006.11.01"]
[EventType "swiss"]
[EventRounds "7"]
[EventCountry "RUS"]
[SourceTitle "EXT 2007"]
[Source "ChessBase"]
[SourceDate "2006.11.23"]
[SourceVersion "1"]
[SourceVersionDate "2006.11.23"]
[SourceQuality "1"]

1. e4 e6 2. d4 d5 3. Nc3 Nf6 4. exd5 exd5 5. Bg5 c6 6. Bd3 Bd6 7. Nge2 Bg4 8. Qd2 Nbd7 9. 0-0 0-0 10. Bf4 Qc7 11. Bxd6 Qxd6 12. Ng3 Nh5 13. Nce2 Ndf6 14. f3 Nxg3 15. Nxg3 Bd7 16. Rae1 Rfe8 17. c3 h6 18. Nf5 Bxf5 19. Bxf5 c5 20. dxc5 Qxc5+ 21. Qf2 Qa5 22. Bb1 Qb5 23. Qd2 Rad8 24. Rxe8+ Rxe8 25. Bd3 Qb6+ 26. Kh1 Qe3 27. Qxe3 Rxe3 28. Rd1 Kf8 29. Kg1 Ke7 30. Kf2 Re6 31. Bc2 Kd6 32. Bb3 Kc5 33. Rd3 a5 34. g3 Rb6 35. Rd2 Re6 36. Rd3 b5 37. Rd2 Re5 38. h4 g5 39. hxg5 hxg5 40. Bc2 Re7 41. Rd1 Nd7 42. Rh1 Ne5 43. Bf5 Nc4 44. b3 Nd6 45. Bc2 b4 46. cxb4+ Kxb4 47. Rh5 Kc3 48. Bd1 f6 49. Rh6 Kd2 50. Rxf6 Nb5 51. b4 Kxd1 52. Rf5 Nc3 53. bxa5 d4 54. a6 Re2+ 55. Kf1 Rxa2 56. Rf6 d3 57. Rd6 d2 0-1